VPLYV PREDPÄTIA NA SPOĽAHLIVOSŤ SKRUTKOVÉHO SPOJA

Bibliographic Details
Main Authors: Koska, Pavel, 1941- (Author), Šúriková, Anna, 1945- (Author)
Format: Article
Language:Slovak

MARC

LEADER 00000nab a2200000 a 4500
001 vtls011115222
003 SK-MaSNL
005 20260303215056.0
008 230222|2000 xo |||||||||||||||||slo|
015 |a SNBRB 
035 |a (uuid)cde44f46-e033-4945-89f0-4d92a380224a 
035 |a (urnnbn)urn:nbn:sk:snk:ar-a08jst 
035 |a urn:nbn:sk:snk-ab9m16 
040 |a SNKBUCL  |b slo  |c SNKBUCL  |e AACR2 
041 0 |a slo 
044 |a xo  |c SK 
100 1 |a Koska, Pavel,  |d 1941-  |4 aut  |9 113614 
245 1 0 |a VPLYV PREDPÄTIA NA SPOĽAHLIVOSŤ SKRUTKOVÉHO SPOJA  |c Pavel Koska, Anna Šúriková 
700 1 |a Šúriková, Anna,  |d 1945-  |4 aut  |9 112051 
773 0 |t Acta Facultatis Xylologiae Zvolen Res Publica Slovaca : zborník vedeckých prác Drevárskej fakulty Technickej univerzity vo Zvolene  |g Roč. 42, č. 1 (2000), s. 39-45 
954 |a odborná, vedecká literatúra pôvodná (slovenská)  |2 lita 
958 |a OND 
958 |a EUIPO 
958 |a article13 
999 |c 2220002  |d 2221932